NHL Captains 2026 - Statistics

General Stats
  • This quiz has been taken 301 times
    21 since last reset
  • The average score is 27 of 32
Answer Stats
Hint Answer % Correct
WSH Alexander Ovechkin
100%
OTT Brady Tkachuk
100%
EDM Connor McDavid
100%
COL Gabriel Landeskog
100%
MTL Nick Suzuki
100%
PIT Sidney Crosby
100%
FLA Aleksander Barkov
89%
NYI Anders Lee
89%
LAK Anze Kopitar
89%
TOR Auston Matthews
89%
CAR Jordan Staal
89%
VGK Mark Stone
89%
NJD Nico Hischier
89%
BOS Vacant
89%
CHI Vacant
89%
SJS Vacant
89%
STL Vacant
89%
VAN Vacant
89%
TBL Victor Hedman
89%
WPG Adam Lowry
78%
CBJ Boone Jenner
78%
UTA Clayton Keller
78%
DET Dylan Larkin
78%
DAL Jamie Benn
78%
SEA Jordan Eberle
78%
CGY Mikael Backlund
78%
ANA Radko Gudas
78%
BUF Rasmus Dahlin
78%
NSH Roman Josi
78%
PHI Sean Couturier
78%
MIN Jared Spurgeon
67%
NYR J.T. Miller
67%
No matching quizzes found
Score Distribution
Percent of People with Each Score
Percentile by Number Answered
Your Score History
You have not taken this quiz since the last reset